Music Quiz

Random Music or Clickable Quiz

Imagine Clicky-oke Quiz Stats

 Plays Quiz Updated Mar 14, 2016

Support Sporcle.
Go Orange.
Score 0/23 Timer 04:00
1 Play Today
% Correct
if you try
93.1%
only sky
92.1%
no heaven
90.6%
kill or die for
90.1%
hard to do
90%
you'll join us
89.5%
below us
89.5%
I'm a dreamer
89.5%
only one
88.8%
only one
88.7%
I'm a dreamer
87.8%
no countries
87.7%
% Correct
you'll join us
87.5%
if you can
86.6%
of man
83.9%
religion too
83.8%
greed or hunger
79.8%
live as one
79.6%
living life in peace...
73.5%
possessions
70.6%
sharing all the world...
66.5%
living for today...
64.1%
be as one
34.3%

You're not logged in!

Compare scores with friends on all Sporcle quizzes.
OR
Log In
Forgot?

From the Vault

300 Largest US Cities

by SporcleEXP

Geography 20m
If you're looking for some company, you could start in any one of these places.
Remove Ads.
Support Sporcle.
Get the best of Sporcle when you Go Orange. This ad-free experience offers more features, more stats, and more fun while also helping to support Sporcle. Thank you for becoming a member.

Show Comments

Extras

Top Quizzes Today


Score Distribution

Your Account Isn't Verified!

In order to create a playlist on Sporcle, you need to verify the email address you used during registration. Go to your Sporcle Settings to finish the process.

Report this User

Report this user for behavior that violates our Community Guidelines.

Details: